| 000 | 00743nam a2200241Ia 4500 | ||
|---|---|---|---|
| 003 | OSt | ||
| 005 | 20260311124809.0 | ||
| 008 | 210716s2011 xx 000 0 und d | ||
| 020 | _a9780521192736 | ||
| 040 | _cAIMIT LIBRARY | ||
| 041 | _aeng | ||
| 082 |
_a511.2 _21 _bRILK |
||
| 100 |
_aRiley, K F. _9258531 |
||
| 245 |
_aFoundation mathematics for the physical sciences / _cBy K F Riley and M P Hobson. |
||
| 250 | _a1st ed. | ||
| 260 |
_aNew Delhi : _bCambridge University Press , _c2011. |
||
| 300 |
_axiii,721p. ; _bPB _c24.4 cm |
||
| 650 |
_aPreliminary algebra _9258532 |
||
| 650 |
_aMultiple integrals _9258533 |
||
| 650 |
_aElementary probability _9258534 |
||
| 700 |
_aHobson, M P. _9258535 |
||
| 942 |
_2ddc _cBK _e1st _k511.2 RILK |
||
| 999 |
_c192810 _d192810 |
||